[Event "Championnat de France des Jeunes - Pupil"]
[Site "LA ROCHE SUR YON"]
[Date "2008.04.25"]
[Round "7.4"]
[White "Susini, Lisa"]
[Black "Kambrath, Linda"]
[Result "0-1"]
[WhiteElo "1520"]
[BlackElo "1570"]
[PlyCount "72"]

1. e4 e5 2. Nf3 Nc6 3. Nc3 Nf6 4. d4 exd4 5. Nxd4 Bb4 6. Nxc6 bxc6 7. Bd3 d5 8.
exd5 cxd5 9. O-O O-O 10. h3 Re8 11. Bg5 c6 12. Na4 Bf8 13. c4 g6 14. Rc1 Bg7
15. Nc5 Qa5 16. Nb3 Qxa2 17. Qc2 Ne4 18. Rfe1 Bd7 19. Bxe4 Rxe4 20. Rxe4 dxe4
21. Bh6 Rb8 22. Bxg7 Kxg7 23. Qc3+ Kg8 24. Nc5 Bf5 25. g4 Be6 26. Nxe6 fxe6 27.
Qd4 Qxb2 28. Qe3 Rb3 29. Qe1 Rxh3 30. Qd1 Rd3 31. Qe1 Qd2 32. Qf1 e3 33. fxe3
Rxe3 34. Rd1 Rg3+ 35. Kh1 Qh6+ 36. Qh3 Qxh3# 0-1

[Event "Championnat de France des Jeunes - Pupil"]
[Site "LA ROCHE SUR YON"]
[Date "2008.04.25"]
[Round "7.5"]
[White "Rei-Rosa, Sophie"]
[Black "Kancel, Sarah"]
[Result "1-0"]
[WhiteElo "1510"]
[BlackElo "1530"]
[PlyCount "127"]

1. d4 Nf6 2. Bf4 e6 3. e3 b6 4. Bd3 Bb7 5. Nf3 Be7 6. Nbd2 O-O 7. c3 Nc6 8. e4
d6 9. Qc2 g6 10. O-O Nd7 11. Rfe1 e5 12. Bg3 Bf6 13. d5 Ne7 14. a4 c6 15. c4
Nc5 16. Be2 Bg7 17. b4 Nd7 18. a5 bxa5 19. Rxa5 cxd5 20. exd5 Nf6 21. Ng5 Bh6
22. Nde4 Nxe4 23. Nxe4 Nf5 24. Bd3 Nd4 25. Qb1 f5 26. Nxd6 Qxd6 27. Bxe5 Qb6
28. c5 Qd8 29. c6 Nxc6 30. dxc6 Bxc6 31. Bc4+ Rf7 32. Bxf7+ Kxf7 33. Qb3+ Kf8
34. Qd1 Qxd1 35. Rxd1 Ke8 36. Rd6 Be4 37. Bf6 Rc8 38. Re5+ Kf7 39. Rc5 Rxc5 40.
bxc5 Bf8 41. Ra6 Bxc5 42. Be5 Bb6 43. Bb8 Bb7 44. Ra3 Bc5 45. Rb3 Bd5 46. Rb5
Bxf2+ 47. Kxf2 Ke6 48. Ra5 h5 49. Ra6+ Kf7 50. Rxa7+ Kf6 51. Ra6+ Kg5 52. g3
Kg4 53. Rxg6+ Kh3 54. Kg1 Bf3 55. Ra6 Be4 56. Rh6 Bf3 57. Rg6 Bg4 58. Ra6 Bf3
59. Ra4 Bg4 60. Rb4 h4 61. Bc7 hxg3 62. hxg3 f4 63. Rxf4 Bf5 64. Rh4# 1-0

[Event "Championnat de France des Jeunes - Pouss"]
[Site "LA ROCHE SUR YON"]
[Date "2008.04.25"]
[Round "5.5"]
[White "Msellek, Ilyass"]
[Black "Ginovart, Axel"]
[Result "1-0"]
[WhiteElo "1829"]
[BlackElo "1570"]
[PlyCount "109"]

1. e4 e5 2. Nf3 Nc6 3. Bb5 a6 4. Ba4 Nf6 5. O-O Be7 6. Re1 b5 7. Bb3 O-O 8. h3
Na5 9. Nxe5 Bb7 10. d3 c5 11. Nd2 Qc7 12. Nef3 Bc6 13. c3 Nxb3 14. axb3 b4 15.
Nf1 Rfe8 16. Ng3 d5 17. e5 Nd7 18. d4 Bb5 19. Nh2 Rad8 20. f4 Nf8 21. Nf3 Qc8
22. f5 Bd7 23. cxb4 cxd4 24. Nxd4 Bxb4 25. Bd2 Bc5 26. Ba5 Qb7 27. Bxd8 Rxd8
28. Kh1 Bxd4 29. Qxd4 Qxb3 30. Qh4 Ra8 31. f6 Ng6 32. Qg5 h6 33. Qe3 Qxe3 34.
Rxe3 gxf6 35. exf6 Bb5 36. Nf5 Kh7 37. Nd6 Rg8 38. Nxb5 axb5 39. Ra5 Rb8 40.
Rb3 Nf4 41. Raxb5 Rxb5 42. Rxb5 d4 43. Kg1 d3 44. Rb8 Ne6 45. Kf2 Nc5 46. b4 d2
47. Ke2 Ne4 48. b5 Nxf6 49. b6 Nd7 50. Rb7 Nc5 51. Rxf7+ Kg6 52. b7 Nxb7 53.
Rxb7 d1=Q+ 54. Kxd1 Kg5 55. Ke2 1-0

[Event "Championnat de France des Jeunes - Pouss"]
[Site "LA ROCHE SUR YON"]
[Date "2008.04.25"]
[Round "6.4"]
[White "Colin, Enzo"]
[Black "Grezels, Florian"]
[Result "0-1"]
[WhiteElo "1560"]
[BlackElo "1650"]
[PlyCount "76"]

1. e4 e5 2. f4 exf4 3. Nf3 g5 4. Bc4 Bg7 5. O-O h6 6. Nc3 Ne7 7. d4 d6 8. h3
Nbc6 9. d5 Ne5 10. Nxe5 Bxe5 11. Qh5 Bd7 12. g3 Ng6 13. gxf4 Bxf4 14. Bxf4 Nxf4
15. Qf3 Bxh3 16. Bb5+ Bd7 17. Bd3 h5 18. Ne2 Bg4 19. Qe3 Nh3+ 20. Kh1 Bxe2 21.
Bxe2 Nf4 22. Bb5+ Kf8 23. Qc3 f6 24. Rg1 Rg8 25. Raf1 Qe7 26. a4 Qxe4+ 27. Kh2
Qe5 28. Qxe5 dxe5 29. Bc4 Rg7 30. b4 g4 31. b5 h4 32. Rxf4 exf4 33. Rf1 f3 34.
Bd3 g3+ 35. Kg1 f2+ 36. Kg2 h3+ 37. Kxh3 g2 38. Kh2 g1=Q+ 0-1

[Event "Championnat de France des Jeunes - Pouss"]
[Site "LA ROCHE SUR YON"]
[Date "2008.04.25"]
[Round "5.2"]
[White "Joudelat, Noemie"]
[Black "Baldi, Valentine"]
[Result "1/2-1/2"]
[WhiteElo "1540"]
[BlackElo "1400"]
[PlyCount "41"]

1. e4 d6 2. Nf3 g6 3. d4 Bg7 4. Nc3 Nf6 5. Bc4 O-O 6. O-O c5 7. d5 Re8 8. Bf4
a6 9. a4 Qb6 10. Bb3 a5 11. Qd2 Qb4 12. Rfe1 c4 13. Ba2 Nfd7 14. Bh6 Bxh6 15.
Qxh6 Qxb2 16. Ng5 Nf8 17. Nb5 Rd8 18. c3 Qd2 19. Qh4 Qc2 20. Qf4 f6 21. Nf3
1/2-1/2

[Event "Championnat de France des Jeunes - Pouss"]
[Site "LA ROCHE SUR YON"]
[Date "2008.04.25"]
[Round "5.3"]
[White "Jacob, Eva"]
[Black "Bour, Valentine"]
[Result "1-0"]
[WhiteElo "1470"]
[BlackElo "1440"]
[PlyCount "71"]

1. e4 c5 2. d4 cxd4 3. c3 dxc3 4. Nxc3 e5 5. Bc4 Nc6 6. Nf3 Be7 7. Qd5 d6 8.
Qxf7+ Kd7 9. Nb5 Nb4 10. O-O a6 11. Nxe5+ dxe5 12. Rd1+ Kc6 13. Rxd8 Bxd8 14.
Nc3 Nf6 15. Qxg7 Re8 16. Bf7 Re7 17. Qxf6+ Kc7 18. a3 Rd7 19. Qxe5+ Kc6 20. Be8
Nd3 21. Qd5+ Kc7 22. Bxd7 Nxc1 23. Rxc1 Bxd7 24. Qf7 Kb6 25. Qxd7 Bg5 26. Rc2
Rd8 27. Qe6+ Kc7 28. Qe5+ Kc6 29. Qxg5 Rd7 30. h4 b5 31. Qf5 Rg7 32. Qf6+ Kc5
33. Qxg7 a5 34. Qg5+ Kc4 35. Qxb5+ Kd4 36. Qd5# 1-0

[Event "Championnat de France des Jeunes - Pouss"]
[Site "LA ROCHE SUR YON"]
[Date "2008.04.25"]
[Round "5.5"]
[White "Nord, Clara"]
[Black "Quelennec, Amelie"]
[Result "0-1"]
[WhiteElo "1280"]
[BlackElo "1400"]
[PlyCount "78"]

1. e4 e5 2. Nf3 Nc6 3. Bb5 Bc5 4. O-O d6 5. d3 Bd7 6. Nc3 a6 7. Bxc6 bxc6 8. b3
Bg4 9. h3 Bh5 10. g4 Bg6 11. d4 exd4 12. Nxd4 Ne7 13. Be3 O-O 14. f3 h6 15. g5
hxg5 16. Bxg5 f6 17. Bf4 Bh5 18. Rf2 Ng6 19. Be3 Qd7 20. Kg2 Bxd4 21. Qxd4 Nh4+
22. Kg3 g5 23. Qd1 d5 24. exd5 Qd6+ 25. f4 Bxd1 26. Rxd1 Nf5+ 27. Kf3 Nxe3 28.
Kxe3 Rae8+ 29. Kd3 Re7 30. Rh2 Qxf4 31. Rdh1 Re3+ 32. Kd2 Rxh3+ 33. Ke1 Rxh2
34. Rxh2 Qxh2 35. Ne2 Re8 36. Kd1 Qxe2+ 37. Kc1 Qf3 38. a4 Qc3 39. Kb1 Re2 0-1

[Event "Championnat de France des Jeunes - Pouss"]
[Site "LA ROCHE SUR YON"]
[Date "2008.04.25"]
[Round "6.5"]
[White "Raihauti, Mataheitini"]
[Black "Le Berre, Audrey"]
[Result "1/2-1/2"]
[WhiteElo "1009"]
[BlackElo "1390"]
[PlyCount "73"]

1. e4 c5 2. Nf3 g6 3. d4 cxd4 4. Qxd4 Nf6 5. Nc3 Nc6 6. Qd1 Bg7 7. Bb5 Qc7 8.
O-O a6 9. Ba4 b5 10. Bb3 O-O 11. Bg5 Re8 12. Qd2 d6 13. h3 b4 14. Nd5 Nxd5 15.
Qxd5 Be6 16. Qd2 Bxb3 17. axb3 Bxb2 18. Rad1 Bg7 19. Bh6 Rad8 20. Bxg7 Kxg7 21.
c3 bxc3 22. Qxc3+ e5 23. Rc1 Rc8 24. Rfd1 Re7 25. Rc2 Nb4 26. Qxc7 Rexc7 27.
Rxc7 Rxc7 28. Rxd6 Rc3 29. Nxe5 Rxb3 30. Rb6 a5 31. Nc6 Rb2 32. Nxa5 Nd3 33.
Rxb2 Nxb2 34. e5 Nd3 35. Nc6 h5 36. g4 hxg4 37. hxg4 1/2-1/2

[Event "Championnat de France des Jeunes - Junio"]
[Site "LA ROCHE SUR YON"]
[Date "2008.04.26"]
[Round "8.1"]
[White "Forgues, Fabien"]
[Black "Vernay, Clovis"]
[Result "1-0"]
[WhiteElo "2162"]
[BlackElo "2348"]
[PlyCount "121"]
[EventDate "2008.??.??"]

1. e4 c5 2. Nf3 Nc6 3. d4 cxd4 4. Nxd4 Nf6 5. Nc3 e5 6. Ndb5 d6 7. Bg5 a6 8.
Na3 b5 9. Nd5 Be7 10. Bxf6 Bxf6 11. c3 Bg5 12. Nc2 Rb8 13. a4 bxa4 14. Ncb4 Bd7
15. Bxa6 Nxb4 16. Nxb4 Qf6 17. Rxa4 Bxa4 18. Qxa4+ Kf8 19. O-O g6 20. Nd5 Qd8
21. b4 Kg7 22. Qc6 Rf8 23. Rd1 Kh8 24. Nc7 Be7 25. b5 Rg8 26. b6 f5 27. Bc4 Rf8
28. exf5 Rxf5 29. b7 Bf8 30. Na6 Rxb7 31. Qxb7 Qh4 32. Qd5 Qxf2+ 33. Kh1 Kg7
34. Nc7 Be7 35. Ne8+ Kh6 36. Qd2+ Qxd2 37. Rxd2 e4 38. Nxd6 Rc5 39. Be2 e3 40.
Rd3 Bxd6 41. Rxd6 Rxc3 42. Rd1 Kg5 43. Kg1 Kf4 44. Kf1 Ra3 45. Rb1 h5 46. Rb4+
Ke5 47. Bf3 g5 48. Ke2 g4 49. Bb7 Kf6 50. Rc4 Kg5 51. Rc5+ Kh6 52. Be4 h4 53.
Bd3 Ra1 54. Kxe3 Rh1 55. Kf2 Rxh2 56. Kg1 g3 57. Bf5 Kg7 58. Bh3 Kg6 59. Rc4
Kg5 60. Ra4 Kh5 61. Rg4 1-0

[Event "Championnat de France des Jeunes - Junio"]
[Site "LA ROCHE SUR YON"]
[Date "2008.04.26"]
[Round "8.2"]
[White "Soyez, Cyril"]
[Black "Genzling, Alain"]
[Result "0-1"]
[WhiteElo "2244"]
[BlackElo "2281"]
[PlyCount "48"]
[EventDate "2008.??.??"]

1. c4 Nf6 2. g3 c6 3. Nf3 d5 4. b3 g6 5. Bb2 Bg7 6. Bg2 O-O 7. O-O Bf5 8. d3
Re8 9. Nbd2 Nbd7 10. Qc2 Bg4 11. e4 dxe4 12. dxe4 e5 13. c5 Qc7 14. b4 Bxf3 15.
Bxf3 a5 16. a3 axb4 17. axb4 b6 18. cxb6 Qxb6 19. Rxa8 Rxa8 20. Rc1 Qxb4 21.
Qxc6 Ra2 22. Bc3 Qa3 23. Rf1 Rxd2 24. Ra1 Ra2 0-1

[Event "Championnat de France des Jeunes - Junio"]
[Site "LA ROCHE SUR YON"]
[Date "2008.04.26"]
[Round "8.3"]
[White "Congiu, Mathilde"]
[Black "Achereiner, Guillaume"]
[Result "1-0"]
[WhiteElo "2190"]
[BlackElo "1991"]
[PlyCount "91"]
[EventDate "2008.??.??"]

1. e4 e5 2. Nf3 Nf6 3. Nxe5 d6 4. Nf3 Nxe4 5. d4 d5 6. h3 c5 7. Bd3 Nc6 8. O-O
Be6 9. Re1 cxd4 10. Bxe4 dxe4 11. Rxe4 Be7 12. Nxd4 Nxd4 13. Rxd4 Qb6 14. Nc3
O-O 15. Rb1 Bf6 16. Rd6 Rfd8 17. Rxb6 Rxd1+ 18. Nxd1 axb6 19. a3 Ba2 20. Ra1
Rxa3 21. Bg5 Be5 22. Rc1 Ra8 23. b3 Rc8 24. Be3 f5 25. f4 Bf6 26. g4 g6 27. Kf2
Kf7 28. Kf3 h5 29. gxf5 gxf5 30. Bd2 b5 31. Ne3 Rd8 32. Ba5 Ra8 33. Bd2 Rd8 34.
Ke2 Re8 35. Re1 Bg7 36. Kd1 Bd4 37. Nxf5 Rxe1+ 38. Bxe1 Bc5 39. Bc3 Ba3 40. Nd4
Bd6 41. Bd2 b4 42. Bc1 Bc5 43. Be3 Bxb3 44. cxb3 Kf6 45. Kd2 Bd6 46. Kd3 1-0

[Event "Championnat de France des Jeunes - Junio"]
[Site "LA ROCHE SUR YON"]
[Date "2008.04.26"]
[Round "8.4"]
[White "Leroy, Olivier"]
[Black "Bailet, Pierre"]
[Result "0-1"]
[WhiteElo "2028"]
[BlackElo "2250"]
[PlyCount "112"]
[EventDate "2008.??.??"]

1. e4 c5 2. Nf3 Nc6 3. d4 cxd4 4. Nxd4 Nf6 5. Nc3 e5 6. Ndb5 d6 7. Bg5 a6 8.
Na3 b5 9. Nd5 Be7 10. Bxf6 Bxf6 11. c3 Bg5 12. Bd3 Ne7 13. Nxe7 Qxe7 14. Nc2
O-O 15. O-O Be6 16. a4 bxa4 17. Rxa4 a5 18. Qa1 Qc7 19. Rd1 Bb3 20. Ra3 Rfb8
21. Rxb3 Rxb3 22. Nb4 a4 23. Qa2 Rb8 24. Na6 Qb6 25. Nb4 Be3 26. Bc4 Bxf2+ 27.
Kh1 Bc5 28. Bxb3 axb3 29. Qxb3 Bxb4 30. cxb4 Qxb4 31. Qd5 g6 32. Rf1 Rb7 33. h4
Qb5 34. Qd1 Qc4 35. Re1 Qc5 36. Qd2 h5 37. Kh2 Qb4 38. Qd1 Kg7 39. Re2 Qd4 40.
Qxd4 exd4 41. Rd2 Rb4 42. Kg3 Kf6 43. Kf4 Ke6 44. b3 d5 45. g3 dxe4 46. Kxe4
d3+ 47. Kxd3 Rxb3+ 48. Ke4 Rxg3 49. Rh2 Ra3 50. Kf4 Kf6 51. Rh1 Ra4+ 52. Kg3
Rg4+ 53. Kf3 Kf5 54. Rh2 Ra4 55. Ke3 Ra3+ 56. Kd4 Rf3 0-1

[Event "Championnat de France des Jeunes - Junio"]
[Site "LA ROCHE SUR YON"]
[Date "2008.04.26"]
[Round "8.5"]
[White "Brethes, Francois"]
[Black "Blard, Jerome"]
[Result "1-0"]
[WhiteElo "2198"]
[BlackElo "1911"]
[PlyCount "55"]
[EventDate "2008.??.??"]

1. d4 d5 2. c4 c6 3. Nc3 Nf6 4. Nf3 a6 5. a4 Bg4 6. Ne5 Bf5 7. cxd5 cxd5 8. Qb3
Ra7 9. g4 Be6 10. Bg2 g6 11. g5 Ne4 12. Nxe4 dxe4 13. Qe3 f6 14. d5 b6 15. dxe6
fxe5 16. Bxe4 Rc7 17. Qf3 Qd6 18. Qf7+ Kd8 19. O-O Nc6 20. Bxc6 Rxc6 21. Be3
Qxe6 22. Bxb6+ Rxb6 23. Rfd1+ Kc7 24. Rac1+ Kb7 25. Qe8 Rd6 26. Rxd6 Qxd6 27.
Qc8+ Kb6 28. b4 1-0

[Event "Championnat de France des Jeunes - Junio"]
[Site "LA ROCHE SUR YON"]
[Date "2008.04.26"]
[Round "8.1"]
[White "Dolz, Elisabeth"]
[Black "Bismuth, Lea"]
[Result "0-1"]
[WhiteElo "1710"]
[BlackElo "1930"]
[PlyCount "54"]
[EventDate "2008.??.??"]

1. e4 d5 2. exd5 Qxd5 3. Nc3 Qd6 4. Nf3 Nf6 5. d4 a6 6. Bc4 Bg4 7. Be3 Nc6 8.
O-O O-O-O 9. h3 Bh5 10. Qd3 Bxf3 11. Qf5+ e6 12. Qxf3 Nxd4 13. Bxd4 Qxd4 14.
Rad1 Qxc4 15. Rxd8+ Kxd8 16. Qxb7 g6 17. Rd1+ Ke7 18. g4 Bh6 19. Qb3 Qxb3 20.
axb3 Rd8 21. Ra1 Rd2 22. Rxa6 Rxc2 23. Ra7 Bf4 24. Na4 Nd5 25. Kf1 Be5 26. Rb7
Nf4 27. Ke1 Nxh3 0-1

[Event "Championnat de France des Jeunes - Junio"]
[Site "LA ROCHE SUR YON"]
[Date "2008.04.26"]
[Round "8.2"]
[White "Belloc, Sidonie"]
[Black "Mehiaoui, Dounia"]
[Result "1-0"]
[WhiteElo "1789"]
[BlackElo "1855"]
[PlyCount "89"]
[EventDate "2008.??.??"]

1. e4 e5 2. Nf3 Nc6 3. d4 exd4 4. Nxd4 Bc5 5. Be3 Qf6 6. c3 Bb6 7. Be2 Qg6 8.
Bf3 Ne5 9. Qe2 Nf6 10. Nd2 Nfg4 11. h3 Nxe3 12. Qxe3 d6 13. Qe2 Bd7 14. a4 a6
15. Nc4 Nxf3+ 16. Qxf3 Ba7 17. O-O O-O 18. Kh1 Rfe8 19. Rfe1 b5 20. axb5 axb5
21. Nd2 b4 22. e5 bxc3 23. bxc3 c5 24. Nc6 Bxc6 25. Qxc6 dxe5 26. Qb7 Rad8 27.
Rxa7 Rxd2 28. Rxe5 Rf8 29. Ra8 Rd1+ 30. Kh2 Rdd8 31. Rxd8 Rxd8 32. Rd5 Re8 33.
Qc7 Qf6 34. Qxc5 h6 35. Qd4 Qe7 36. c4 Qc7+ 37. g3 Rc8 38. c5 Kf8 39. Qb4 Qc6
40. Qd4 Qc7 41. Qb4 Qc6 42. Qd4 Qc7 43. Rd7 Qxc5 44. Rd8+ Ke7 45. Qd7+ 1-0

[Event "Championnat de France des Jeunes - Junio"]
[Site "LA ROCHE SUR YON"]
[Date "2008.04.26"]
[Round "8.3"]
[White "Magnin, Segolene"]
[Black "Choisy, Mathilde"]
[Result "1/2-1/2"]
[WhiteElo "1799"]
[BlackElo "2094"]
[PlyCount "40"]
[EventDate "2008.??.??"]

1. d4 Nf6 2. c4 c5 3. e3 g6 4. Nc3 Bg7 5. Nf3 O-O 6. Be2 cxd4 7. exd4 d5 8. c5
Nc6 9. Ne5 Ne4 10. Nxc6 bxc6 11. Be3 Qa5 12. Qa4 Qxa4 13. Nxa4 Rb8 14. a3 h6
15. O-O Re8 16. Rfd1 g5 17. f3 Nf6 18. b4 Nh5 19. g3 e5 20. Kf2 Bd7 1/2-1/2

[Event "Championnat de France des Jeunes - Junio"]
[Site "LA ROCHE SUR YON"]
[Date "2008.04.26"]
[Round "8.4"]
[White "Huisman, Camille"]
[Black "Cwiek, Perrine"]
[Result "1-0"]
[WhiteElo "1613"]
[BlackElo "1730"]
[PlyCount "51"]
[EventDate "2008.??.??"]

1. e4 e5 2. Nf3 Nc6 3. d4 exd4 4. Bc4 h6 5. Nxd4 Qf6 6. Nb5 Bc5 7. O-O Bb6 8.
N1c3 Nge7 9. Be3 a6 10. Bxb6 axb5 11. Nxb5 cxb6 12. Nc7+ Kd8 13. Nxa8 Ne5 14.
Bb5 Qf4 15. Nxb6 Ng4 16. g3 Qxe4 17. Nxc8 Kxc8 18. Bxd7+ Kb8 19. Bxg4 Qg6 20.
Bf3 Nc6 21. Qd3 Qf6 22. Bxc6 Qxc6 23. Rad1 Rc8 24. Qd6+ Ka7 25. Qxc6 Rxc6 26.
Rd2 1-0

[Event "Championnat de France des Jeunes - Junio"]
[Site "LA ROCHE SUR YON"]
[Date "2008.04.26"]
[Round "8.5"]
[White "Swiercz, Sarah"]
[Black "Vidal, Marguerite"]
[Result "0-1"]
[WhiteElo "1420"]
[BlackElo "1380"]
[PlyCount "112"]
[EventDate "2008.??.??"]

1. e4 e5 2. Nf3 Nc6 3. Bc4 Nd4 4. Nxe5 Qg5 5. Nxf7 Qxg2 6. Qh5 Qxh1+ 7. Bf1
Qxe4+ 8. Be2 Nxc2+ 9. Kd1 Qg6 10. Qe5+ Qe6 11. Qxe6+ dxe6 12. Nxh8 Nxa1 13. Nc3
Bd7 14. d4 O-O-O 15. Nf7 Bb4 16. Nxd8 Kxd8 17. Bg5+ Nf6 18. Kc1 Bxc3 19. bxc3
Ba4 20. Bd3 h6 21. Bxf6+ gxf6 22. Kb2 Kd7 23. Kxa1 Kd6 24. Kb2 b5 25. c4 c6 26.
Kc3 a5 27. Be4 bxc4 28. Kxc4 Bb5+ 29. Kc3 e5 30. dxe5+ Kxe5 31. f3 f5 32. Bc2
c5 33. a4 Ba6 34. Kb3 Kf4 35. Bd1 Ke3 36. Kc2 Be2 37. Bxe2 Kxe2 38. f4 Ke3 39.
Kc3 Kxf4 40. Kc4 Ke3 41. Kb5 f4 42. Kxa5 f3 43. Kb6 f2 44. a5 f1=Q 45. a6 Qf6+
46. Kb7 Qe7+ 47. Kb8 c4 48. a7 Qxa7+ 49. Kxa7 c3 50. h4 c2 51. h5 c1=Q 52. Kb6
Kd4 53. Kb5 Qc5+ 54. Ka4 Qb6 55. Ka3 Kc3 56. Ka2 Qb2# 0-1

[Event "Championnat de France des Jeunes - Cadet"]
[Site "LA ROCHE SUR YON"]
[Date "2008.04.26"]
[Round "8.1"]
[White "Guilleux, Fabien"]
[Black "Nockels, Nicolas"]
[Result "1-0"]
[WhiteElo "2391"]
[BlackElo "1968"]
[PlyCount "71"]
[EventDate "2008.??.??"]

1. Nf3 d5 2. d4 Nf6 3. c4 c6 4. Nc3 dxc4 5. e4 b5 6. e5 Nd5 7. a4 e6 8. axb5
Nxc3 9. bxc3 cxb5 10. Ng5 Bb7 11. Qh5 Qd7 12. Nxh7 Nc6 13. Nxf8 Qxd4 14. cxd4
Rxh5 15. Be3 a5 16. Be2 Rh8 17. Nxe6 fxe6 18. O-O Kd7 19. Rfb1 Ba6 20. Bg4 Ke7
21. Bg5+ Kf7 22. Bf3 Rhc8 23. d5 exd5 24. Bxd5+ Kg6 25. h4 Ra7 26. e6 Kh7 27.
Bxc6 Rxc6 28. e7 Ra8 29. Rxa5 Re8 30. Rd1 Kg8 31. Rda1 Bc8 32. Rxb5 c3 33. Raa5
Bd7 34. Rc5 Rec8 35. Rxc6 Rxc6 36. Ra8+ 1-0

[Event "Championnat de France des Jeunes - Cadet"]
[Site "LA ROCHE SUR YON"]
[Date "2008.04.26"]
[Round "8.2"]
[White "Stephan, Victor"]
[Black "Delorme, Axel"]
[Result "0-1"]
[WhiteElo "2094"]
[BlackElo "2377"]
[PlyCount "84"]
[EventDate "2008.??.??"]

1. d4 d5 2. c4 c6 3. cxd5 cxd5 4. Nf3 Nf6 5. Nc3 Nc6 6. Bf4 Nh5 7. Bg5 h6 8.
Bh4 g5 9. Bg3 Nxg3 10. hxg3 g4 11. Ng1 e5 12. e3 exd4 13. exd4 Bg7 14. Bb5 O-O
15. Nge2 Qb6 16. Qd2 Nxd4 17. Nxd4 Qxd4 18. Qxd4 Bxd4 19. O-O-O Bxf2 20. Nxd5
Kg7 21. b3 Bxg3 22. Kb2 Be6 23. Bc4 Rad8 24. a4 Rd6 25. Ne3 Rxd1 26. Rxd1 Bxc4
27. bxc4 Be5+ 28. Kb3 h5 29. Rd7 Rb8 30. c5 Kg6 31. Kc4 f5 32. a5 h4 33. a6
bxa6 34. Rxa7 h3 35. gxh3 gxh3 36. Rxa6+ Kg5 37. Nf1 Rb1 38. Nd2 h2 39. Nf3+
Kh5 40. Nxh2 Bxh2 41. c6 f4 42. Ra8 Kg4 0-1

[Event "Championnat de France des Jeunes - Cadet"]
[Site "LA ROCHE SUR YON"]
[Date "2008.04.26"]
[Round "8.3"]
[White "Blum, Nicolas"]
[Black "Favarel, Antoine"]
[Result "1-0"]
[WhiteElo "2180"]
[BlackElo "2065"]
[PlyCount "80"]
[EventDate "2008.??.??"]

1. e4 c5 2. Nf3 Nc6 3. Bb5 g6 4. O-O Bg7 5. c3 e5 6. d4 cxd4 7. cxd4 exd4 8.
Bf4 a6 9. Bc4 d6 10. Qb3 Na5 11. Bxf7+ Ke7 12. Qd5 Nf6 13. Bg5 Rf8 14. Re1 Nc6
15. Nxd4 Rxf7 16. Nc3 Nxd4 17. Qxd4 Be6 18. e5 dxe5 19. Qxe5 h6 20. Qxe6+ Kf8
21. Bh4 Qd4 22. Bg3 Kg8 23. Rad1 Qb4 24. Qe2 h5 25. Qc2 Kh7 26. Be5 Ng4 27. Bg3
Bd4 28. Ne4 Kg7 29. h3 Nf6 30. Ng5 Rd7 31. Ne6+ Kf7 32. Nxd4 Rxd4 33. Qc7+ Kg8
34. Be5 Rd7 35. Qc2 Kf7 36. Bxf6 Rxd1 37. Rxd1 Kxf6 38. Qc7 Re8 39. b3 Re7 40.
Qd8 Qc5 1-0

[Event "Championnat de France des Jeunes - Cadet"]
[Site "LA ROCHE SUR YON"]
[Date "2008.04.26"]
[Round "8.4"]
[White "Valles, Manuel"]
[Black "Migot, Tanguy"]
[Result "1-0"]
[WhiteElo "2117"]
[BlackElo "2023"]
[PlyCount "73"]
[EventDate "2008.??.??"]

1. e4 c5 2. Nf3 d6 3. Bb5+ Bd7 4. Bxd7+ Qxd7 5. O-O Nc6 6. c3 Nf6 7. d4 Nxe4 8.
d5 Ne5 9. Nxe5 dxe5 10. Re1 Nf6 11. Rxe5 e6 12. c4 O-O-O 13. Nc3 Bd6 14. Re1
exd5 15. Nxd5 Qf5 16. h3 g5 17. Be3 g4 18. hxg4 Nxg4 19. Bf4 Rhe8 20. Qf3 Ne5
21. Bxe5 Qxf3 22. gxf3 Bxe5 23. Re2 Re6 24. Kf1 Rde8 25. Rb1 Kd7 26. b3 Bd4 27.
Rbe1 Rxe2 28. Rxe2 Rxe2 29. Kxe2 Ke6 30. f4 h5 31. Kf3 Kf5 32. Ne7+ Ke6 33. Nc8
a6 34. a4 Bc3 35. Nb6 Bd4 36. Nd5 Kf5 37. Ne3+ 1-0

[Event "Championnat de France des Jeunes - Cadet"]
[Site "LA ROCHE SUR YON"]
[Date "2008.04.26"]
[Round "8.5"]
[White "Pirotais, Jerome"]
[Black "Tachikart, Yassin"]
[Result "0-1"]
[WhiteElo "1981"]
[BlackElo "2111"]
[PlyCount "48"]
[EventDate "2008.??.??"]

1. e4 e5 2. Nf3 Nc6 3. Bb5 a6 4. Ba4 Nf6 5. O-O Be7 6. Re1 b5 7. Bb3 O-O 8. c3
d5 9. exd5 Nxd5 10. Nxe5 Nxe5 11. Rxe5 c6 12. d3 Bd6 13. Re1 Qh4 14. g3 Qh3 15.
Qf3 Bg4 16. Qg2 Qh5 17. Be3 Bf3 18. Qf1 f5 19. Nd2 f4 20. Nxf3 fxe3 21. Rxe3
Rxf3 22. Bd1 Nxe3 23. Bxf3 Qxf3 24. fxe3 Qxe3+ 0-1

[Event "Championnat de France des Jeunes - Cadet"]
[Site "LA ROCHE SUR YON"]
[Date "2008.04.26"]
[Round "8.1"]
[White "Armas, Lara-Maria"]
[Black "Forestier, Carole"]
[Result "1/2-1/2"]
[WhiteElo "1891"]
[BlackElo "2037"]
[PlyCount "159"]
[EventDate "2008.??.??"]

1. d4 d5 2. Nf3 Nf6 3. e3 c5 4. b3 Bg4 5. Be2 e6 6. O-O Nc6 7. Nbd2 cxd4 8.
exd4 Be7 9. Bb2 O-O 10. h3 Bh5 11. Ne5 Bxe2 12. Qxe2 Rc8 13. Ndf3 Ne4 14. c4
Ng5 15. Nxg5 Bxg5 16. f4 Bf6 17. Rfd1 Qd6 18. Rac1 Rfd8 19. Kh1 Ne7 20. g4 Ng6
21. Rf1 dxc4 22. bxc4 Ne7 23. Rf3 Nc6 24. g5 Be7 25. Nxc6 Rxc6 26. Ba3 Qc7 27.
Bxe7 Qxe7 28. Qe4 Qd7 29. Rd3 Rdc8 30. Rdc3 Rd6 31. Rd3 Rdc6 32. Rdc3 Qc7 33.
Qe5 Qb6 34. c5 Qd8 35. Kh2 Ra6 36. a3 Ra4 37. Rd3 Qa5 38. Rcc3 Qa6 39. Qe3 Rc4
40. Rxc4 Qxc4 41. Rb3 Qd5 42. Rb4 Rc7 43. Qe5 Qxe5 44. fxe5 Kf8 45. Kg3 Ke7 46.
Kf3 Kd7 47. Ke4 Kc6 48. Ra4 b6 49. cxb6 Kxb6 50. Rb4+ Ka5 51. Rb3 Ka4 52. Rf3
Kb5 53. h4 Kc4 54. h5 Rd7 55. Rd3 a6 56. Rd1 Kb3 57. g6 hxg6 58. hxg6 fxg6 59.
Rb1+ Kc4 60. Rc1+ Kb5 61. Rg1 Kc4 62. Rc1+ Kb5 63. Kd3 Rf7 64. Rg1 Ka4 65. Rxg6
Re7 66. Ke4 Kxa3 67. d5 exd5+ 68. Kxd5 a5 69. Kd6 Ra7 70. Rg3+ Kb4 71. e6 Ra6+
72. Kd7 Ra7+ 73. Ke8 a4 74. e7 a3 75. Rxg7 a2 76. Rg1 a1=Q 77. Rxa1 Rxa1 78.
Kf8 Rf1+ 79. Kg7 Rg1+ 80. Kf8 1/2-1/2

[Event "Championnat de France des Jeunes - Cadet"]
[Site "LA ROCHE SUR YON"]
[Date "2008.04.26"]
[Round "8.2"]
[White "Richard, Emma"]
[Black "Brih, Touatia"]
[Result "1-0"]
[WhiteElo "1985"]
[BlackElo "1956"]
[PlyCount "61"]
[EventDate "2008.??.??"]

1. e4 c5 2. Nc3 e6 3. Nf3 Nc6 4. d4 cxd4 5. Nxd4 a6 6. g3 Bb4 7. Bg2 Qa5 8.
Nxc6 Bxc3+ 9. bxc3 Qxc3+ 10. Bd2 Qxc6 11. Qg4 g6 12. O-O e5 13. Qg5 f6 14. Qe3
d6 15. Bb4 a5 16. Bc3 Be6 17. Rab1 b5 18. a3 Ne7 19. Rfd1 O-O 20. Qd2 Bg4 21.
f3 Rfc8 22. Bxa5 Be6 23. Bb4 Kf7 24. Qh6 Rh8 25. Rxd6 Qxc2 26. Rc1 Qb2 27. Rc7
Qa1+ 28. Kf2 Rae8 29. Rd2 Rhg8 30. Bxe7 Rxe7 31. Qxh7+ 1-0

[Event "Championnat de France des Jeunes - Cadet"]
[Site "LA ROCHE SUR YON"]
[Date "2008.04.26"]
[Round "8.3"]
[White "Perrusset, Barbara"]
[Black "Le Bail, Clara"]
[Result "0-1"]
[WhiteElo "1876"]
[BlackElo "2012"]
[PlyCount "102"]
[EventDate "2008.??.??"]

1. d4 d5 2. c4 c6 3. Qc2 Nf6 4. Nf3 dxc4 5. Qxc4 Bf5 6. g3 e6 7. Bg2 Nbd7 8.
O-O Be7 9. Nc3 O-O 10. Re1 Ne4 11. Qb3 Nb6 12. a4 Nxc3 13. bxc3 Qd5 14. Qb2 Be4
15. Bf4 g5 16. Bc7 Nc4 17. Qxb7 Rfe8 18. Red1 Qd7 19. Ne5 Nxe5 20. dxe5 Bd5 21.
c4 Rac8 22. cxd5 exd5 23. Qxa7 Rxc7 24. Qd4 Qe6 25. a5 Ra8 26. Rdc1 Rca7 27.
Qb6 Ra6 28. Qd4 Bd8 29. Qe3 Rxa5 30. Rxa5 Rxa5 31. Qc3 Ra6 32. Qd3 Ra2 33. e4
Bb6 34. Rf1 Qxe5 35. exd5 Rxf2 36. Kh1 Rxf1+ 37. Qxf1 cxd5 38. Qc1 h6 39. Qd1
d4 40. Qd3 Qe1+ 41. Bf1 Qf2 42. Be2 f5 43. Qb3+ Kg7 44. Qxb6 Qe1+ 45. Kg2 Qxe2+
46. Kg1 d3 47. Qc7+ Kg6 48. Qd6+ Kh5 49. Qf6 d2 50. Qf7+ Kg4 51. h3+ Kxg3 0-1